[Event "Povolje_2014_open"]
[Site "Ulyanovsk"]
[Date "2014.08.30"]
[Round "7"]
[White "Parshakov, Vladimir"]
[Black "Kolosov, Anatoly"]
[Result "0-1"]
[WhiteElo "1909"]
[BlackElo "1900"]
[PlyCount "32"]
[EventDate "2014.08.26"]
[EventRounds "9"]
[EventCountry "RUS"]

1. e4 Nf6 2. e5 Nd5 3. d4 d6 4. c4 Nb6 5. f4 dxe5 6. fxe5 Nc6 7. Be3 Bf5 8. Nc3
e6 9. Be2 Be7 10. Nf3 O-O 11. O-O f6 12. Na4 Nb4 13. Ne1 fxe5 14. Nc5 exd4 15.
Bxd4 Nd3 16. Nf3 Nxc5 0-1

[Event "Povolje_2014_open"]
[Site "Ulyanovsk"]
[Date "2014.08.30"]
[Round "7"]
[White "Parfenov, Vladimir"]
[Black "Nikitin, Dmitry"]
[Result "1-0"]
[WhiteElo "1999"]
[BlackElo "1833"]
[PlyCount "121"]
[EventDate "2014.08.26"]
[EventRounds "9"]
[EventCountry "RUS"]

1. d4 Nf6 2. Nc3 d5 3. Bg5 Nbd7 4. e3 e6 5. f4 h6 6. Bh4 Bb4 7. Nge2 b6 8. a3
Be7 9. Ng1 c5 10. Nf3 a6 11. Be2 Bb7 12. O-O Ng4 13. Bxe7 Qxe7 14. Qd2 f5 15.
h3 Ngf6 16. Ne5 Nxe5 17. fxe5 Nd7 18. Bh5+ Kd8 19. Qf2 Qg5 20. Bf3 Kc7 21. Ne2
c4 22. b3 b5 23. a4 Bc6 24. Nf4 Nf8 25. Qd2 Kd7 26. Rfb1 Qd8 27. Nh5 Rg8 28.
Qc3 Nh7 29. axb5 axb5 30. Rxa8 Bxa8 31. bxc4 bxc4 32. Qa3 Qc7 33. g4 g6 34. Nf4
Bc6 35. Qc5 Ng5 36. Bg2 fxg4 37. h4 Nf3+ 38. Bxf3 gxf3 39. Rb6 Rb8 40. Rxb8
Qxb8 41. Kf2 g5 42. hxg5 hxg5 43. Ng6 Qe8 44. Qd6+ Kc8 45. Ne7+ Kb7 46. Qxe6 g4
47. Qd6 Qd7 48. Qxd7+ Bxd7 49. Nxd5 Bf5 50. c3 Be6 51. Nf6 Kc7 52. d5 Bf5 53.
e4 Bg6 54. Nxg4 Bxe4 55. Nf6 Bg6 56. Kxf3 Kd8 57. Ke3 Ke7 58. Kd4 Bd3 59. Kc5
Kd8 60. Kd6 Bg6 61. e6 1-0

[Event "Povolje_2014_open"]
[Site "Ulyanovsk"]
[Date "2014.08.30"]
[Round "7"]
[White "Dobrocmyslov, Artem"]
[Black "Golubchikov, Alexey"]
[Result "1-0"]
[WhiteElo "1983"]
[BlackElo "1774"]
[PlyCount "81"]
[EventDate "2014.08.26"]
[EventRounds "9"]
[EventCountry "RUS"]

1. d4 d5 2. Nf3 c6 3. c4 Nf6 4. Nc3 e6 5. cxd5 cxd5 6. Bf4 Bd6 7. Bxd6 Qxd6 8.
e3 Nc6 9. Bd3 O-O 10. O-O a6 11. a3 b5 12. b4 e5 13. dxe5 Nxe5 14. h3 Bb7 15.
Nd4 Rfe8 16. Nce2 Nc4 17. Nb3 Nd7 18. Bxc4 bxc4 19. Na5 Qc7 20. Nc3 Nb6 21. Qd4
Rad8 22. Qc5 Rd7 23. Qxc7 Rxc7 24. Nxb7 Rxb7 25. Rfd1 Rd7 26. Rd4 Red8 27. Rad1
f5 28. a4 Kf7 29. a5 Na8 30. Rxd5 Rxd5 31. Rxd5 Rxd5 32. Nxd5 Ke6 33. Nc3 Nc7
34. Kf1 g5 35. Ke2 Ke5 36. Kd2 h5 37. Kc2 g4 38. h4 f4 39. exf4+ Kxf4 40. Ne2+
Ke4 41. Kc3 1-0

[Event "Povolje_2014_open"]
[Site "Ulyanovsk"]
[Date "2014.08.30"]
[Round "7"]
[White "Seyfutdinov, Rustam"]
[Black "Goncharov, Evgeniy"]
[Result "1-0"]
[WhiteElo "1955"]
[BlackElo "1717"]
[PlyCount "73"]
[EventDate "2014.08.26"]
[EventRounds "9"]
[EventCountry "RUS"]

1. d4 d5 2. Bg5 c6 3. Nf3 Bf5 4. e3 Nd7 5. Bd3 Bxd3 6. Qxd3 Ngf6 7. Nbd2 e6 8.
O-O Be7 9. c4 h6 10. Bh4 dxc4 11. Nxc4 O-O 12. Qb3 b6 13. Nce5 Rc8 14. Rac1 Nb8
15. Qa4 Qc7 16. Nxc6 Nxc6 17. Ne5 Qb7 18. Nxc6 Rc7 19. Bg3 Rd7 20. Nxe7+ Rxe7
21. Bd6 Ne4 22. Bxe7 Qxe7 23. Qc6 Nf6 24. Qc7 Qb4 25. Qxa7 Qxb2 26. Rb1 Qe2 27.
Rxb6 Nd5 28. Rb8 Rxb8 29. Qxb8+ Kh7 30. Qb1+ g6 31. a4 Qa6 32. Qb5 Qc8 33. a5
Nc3 34. Qc5 Ne2+ 35. Kh1 Qb7 36. Qc2 Qa6 37. Re1 1-0

[Event "Povolje_2014_open"]
[Site "Ulyanovsk"]
[Date "2014.08.30"]
[Round "7"]
[White "Sinicin, Vladimir"]
[Black "Pavlov, Anatoly F"]
[Result "0-1"]
[WhiteElo "1686"]
[BlackElo "2066"]
[PlyCount "70"]
[EventDate "2014.08.26"]
[EventRounds "9"]
[EventCountry "RUS"]

1. e4 d5 2. e5 c5 3. c3 Nc6 4. d4 e6 5. Nf3 Nge7 6. Bb5 Qb6 7. a4 Bd7 8. Be3
Nf5 9. g4 cxd4 10. cxd4 Nxe3 11. fxe3 a6 12. Bxc6 bxc6 13. O-O Qxb2 14. Nbd2
Qc3 15. Qe2 Be7 16. Rfc1 Qa5 17. Nb3 Qc7 18. Nc5 Bxc5 19. Rxc5 O-O 20. Qd3 Qd8
21. h4 f6 22. g5 Be8 23. Rf1 Bg6 24. Qd2 fxg5 25. Nxg5 Rxf1+ 26. Kxf1 Bf5 27.
Qf2 h6 28. Nf3 Qe8 29. Rc1 Qh5 30. Ke1 Rf8 31. Qg3 Bd3 32. Ng1 Qf5 33. Kd2 Bc4
34. Rc3 Qf1 35. Rxc4 Rf2+ 0-1

[Event "Povolje_2014_open"]
[Site "Ulyanovsk"]
[Date "2014.08.30"]
[Round "7"]
[White "Chugunov, Vyacheslav"]
[Black "Nikonova, Irina"]
[Result "0-1"]
[WhiteElo "1936"]
[BlackElo "1892"]
[PlyCount "58"]
[EventDate "2014.08.26"]
[EventRounds "9"]
[EventCountry "RUS"]

1. d4 f5 2. c4 Nf6 3. g3 g6 4. Bg2 Bg7 5. Nc3 O-O 6. Nf3 d6 7. O-O Nc6 8. Qc2
e5 9. d5 Na5 10. Nd2 c5 11. a3 b6 12. b4 Nb7 13. Rb1 Qe8 14. Nb3 Bd7 15. bxc5
dxc5 16. a4 Nd6 17. Nb5 Qe7 18. Bg5 Be8 19. e4 Bxb5 20. cxb5 h6 21. Bxf6 Qxf6
22. f4 exf4 23. gxf4 fxe4 24. Rbd1 Qc3 25. Qa2 Qe3+ 26. Kh1 Rxf4 27. Rfe1 Qc3
28. Nd2 Rf2 29. Qb3 Rxd2 0-1

[Event "Povolje_2014_open"]
[Site "Ulyanovsk"]
[Date "2014.08.30"]
[Round "7"]
[White "Schankin, Sergei"]
[Black "Sounov, Batyr"]
[Result "1-0"]
[WhiteElo "1816"]
[BlackElo "1917"]
[PlyCount "129"]
[EventDate "2014.08.26"]
[EventRounds "9"]
[EventCountry "RUS"]

1. e4 c5 2. Nf3 Nc6 3. d4 cxd4 4. Nxd4 d5 5. Bb5 dxe4 6. Nxc6 Qxd1+ 7. Kxd1 a6
8. Nd4+ axb5 9. Nxb5 Bg4+ 10. Ke1 O-O-O 11. N1c3 e5 12. Be3 Bb4 13. a3 Ba5 14.
b4 Bc7 15. Nxe4 Ne7 16. c4 Nf5 17. Nxc7 Kxc7 18. Nc3 Rd3 19. Nd5+ Kb8 20. h3
Bh5 21. g4 Nxe3 22. fxe3 Bg6 23. Ke2 Rb3 24. Rhd1 Rc8 25. Nb6 Rb2+ 26. Rd2
Rxd2+ 27. Kxd2 Rd8+ 28. Ke2 Bd3+ 29. Ke1 Kc7 30. c5 Kc6 31. a4 h5 32. Ra2 hxg4
33. hxg4 Rh8 34. Rf2 f6 35. Kd2 Rd8 36. Kc3 Be4 37. Rd2 Rxd2 38. Kxd2 Bf3 39.
g5 fxg5 40. Kd3 g4 41. Nc4 e4+ 42. Kd2 g3 43. Ke1 g5 44. Kf1 Bd1 45. Nb6 Bf3
46. Nc4 Kd7 47. Nb6+ Ke6 48. c6 bxc6 49. a5 g2+ 50. Kg1 Be2 51. Kxg2 Kd6 52.
Na4 Kc7 53. Nc5 Bf3+ 54. Kg3 Kb8 55. Ne6 g4 56. Nc5 Kc7 57. Kf4 Kb8 58. Nxe4
Be2 59. Nc5 Kc7 60. e4 Bd1 61. e5 Be2 62. a6 Kb6 63. e6 g3 64. Kxg3 Bc4 65. e7
1-0

[Event "Povolje_2014_open"]
[Site "Ulyanovsk"]
[Date "2014.08.30"]
[Round "7"]
[White "Usachev, Andrey"]
[Black "Peruhin, Anatoliy"]
[Result "1/2-1/2"]
[WhiteElo "1900"]
[BlackElo "1695"]
[PlyCount "40"]
[EventDate "2014.08.26"]
[EventRounds "9"]
[EventCountry "RUS"]

1. Nf3 d5 2. d4 Nf6 3. e3 Bf5 4. c4 c6 5. cxd5 Qxd5 6. Nc3 Qa5 7. Bd2 Qc7 8.
Rc1 e6 9. Be2 Be7 10. O-O O-O 11. Ne5 Nbd7 12. f4 Ne4 13. Bd3 Nxc3 14. Bxc3
Bxd3 15. Qxd3 f6 16. Nf3 Rfd8 17. Qc4 Qd6 18. f5 Nf8 19. Qb3 Rdb8 20. a3 Qd5
1/2-1/2

[Event "Povolje_2014_open"]
[Site "Ulyanovsk"]
[Date "2014.08.30"]
[Round "7"]
[White "Logunova, Elizaveta"]
[Black "Anikin, Victor"]
[Result "0-1"]
[WhiteElo "1709"]
[BlackElo "1773"]
[PlyCount "100"]
[EventDate "2014.08.26"]
[EventRounds "9"]
[EventCountry "RUS"]

1. d4 c6 2. Nf3 a5 3. c4 e6 4. Nc3 Be7 5. Bf4 d6 6. e3 g5 7. Bg3 Nd7 8. d5 e5
9. e4 h5 10. h4 g4 11. Nd2 Nh6 12. Bd3 Nf8 13. Qc2 Ng6 14. O-O-O c5 15. Nb5 a4
16. a3 O-O 17. f3 Nf4 18. Rdg1 f6 19. Nf1 Nxd3+ 20. Qxd3 f5 21. Be1 Kh7 22. Ne3
f4 23. Nd1 g3 24. Qe2 Rg8 25. Ndc3 Bd7 26. Qc2 Qa5 27. Ne2 Qb6 28. Nec3 Bxb5
29. Nxb5 Nf7 30. Nc3 Qa6 31. Nb5 Bd8 32. Bd2 Kh6 33. Be1 Nh8 34. Rh3 Rg7 35.
Bd2 Ng6 36. Rgh1 Kh7 37. Be1 Nf8 38. Bd2 Ng6 39. Be1 Ne7 40. Bd2 Kh6 41. Be1
Nc8 42. Bd2 Na7 43. Nc3 Qxc4 44. Nxa4 Qxc2+ 45. Kxc2 Nb5 46. Nc3 Nd4+ 47. Kb1
b5 48. Ka2 Kg6 49. Re1 Ba5 50. Nb1 b4 0-1

[Event "Povolje_2014_open"]
[Site "Ulyanovsk"]
[Date "2014.08.30"]
[Round "7"]
[White "Logunov, Egor"]
[Black "Pegov, Valery"]
[Result "0-1"]
[WhiteElo "1603"]
[BlackElo "1669"]
[PlyCount "54"]
[EventDate "2014.08.26"]
[EventRounds "9"]
[EventCountry "RUS"]

1. e4 c5 2. Nf3 Nc6 3. d4 cxd4 4. Nxd4 e5 5. Nb3 d6 6. Nc3 f5 7. Bd3 f4 8. Bd2
Nf6 9. Qe2 a5 10. Bb5 Bd7 11. a4 Be7 12. O-O-O O-O 13. f3 Be6 14. Bc4 Qc8 15.
Bxe6+ Qxe6 16. g3 fxg3 17. hxg3 Rac8 18. Qf2 Nb4 19. Qe3 d5 20. exd5 Nfxd5 21.
Nxd5 Nxd5 22. Qd3 g6 23. Bxa5 Bg5+ 24. Bd2 Nb4 25. Qe4 Rxc2+ 26. Kb1 Qxb3 27.
Qxb4 Rxb2+ 0-1

[Event "Povolje_2014_open"]
[Site "Ulyanovsk"]
[Date "2014.08.30"]
[Round "7"]
[White "Verevicheva, Marina"]
[Black "Mikeev, Valery"]
[Result "1/2-1/2"]
[WhiteElo "1519"]
[BlackElo "1784"]
[PlyCount "80"]
[EventDate "2014.08.26"]
[EventRounds "9"]
[EventCountry "RUS"]

1. Nf3 c5 2. b3 Nc6 3. e3 e6 4. Bb2 Nf6 5. Bb5 Be7 6. Bxc6 bxc6 7. c4 d5 8. Ne5
Bb7 9. O-O O-O 10. d3 d4 11. e4 Bd6 12. Nf3 e5 13. Re1 Bc8 14. Nbd2 Bg4 15. h3
Bd7 16. Nf1 h6 17. Ng3 Qe7 18. Nf5 Bxf5 19. exf5 Rfe8 20. Nd2 Qd7 21. Ne4 Be7
22. Qf3 a5 23. Bc1 Nxe4 24. Rxe4 a4 25. bxa4 Rxa4 26. a3 Bf6 27. Qg4 Kf8 28.
Qd1 Qa7 29. f3 Rb8 30. Re2 Ra6 31. Rb2 Rxb2 32. Bxb2 Rb6 33. Bc1 Qb7 34. Qc2
Rb3 35. a4 Bd8 36. a5 Rc3 37. a6 Qa7 38. Qa4 Rxd3 39. Ba3 Bb6 40. Qxc6 Rb3
1/2-1/2

[Event "Povolje_2014_open"]
[Site "Ulyanovsk"]
[Date "2014.08.30"]
[Round "8"]
[White "Saveliev, Dmitri"]
[Black "Mirzaev, Aziz"]
[Result "0-1"]
[WhiteElo "2102"]
[BlackElo "2305"]
[PlyCount "88"]
[EventDate "2014.08.26"]
[EventRounds "9"]
[EventCountry "RUS"]

1. d4 Nf6 2. Nf3 c5 3. e3 g6 4. b3 Bg7 5. Bb2 O-O 6. Bd3 d6 7. c4 Nc6 8. Nbd2
e5 9. d5 Ne7 10. O-O Nh5 11. Ne1 Bh6 12. Be2 Ng7 13. Nd3 Ngf5 14. e4 Nd4 15.
Bxd4 exd4 16. f4 Bg7 17. g4 Kh8 18. Qe1 Ng8 19. h4 Re8 20. Qg3 f5 21. e5 fxg4
22. e6 Bxe6 23. dxe6 Rxe6 24. Bxg4 Re3 25. Rf3 Nh6 26. Raf1 Qe7 27. Kh2 Bf6 28.
Kh3 Re8 29. Rxe3 dxe3 30. Nf3 e2 31. Rg1 Qe3 32. Nde1 Bc3 33. Ng5 Qd4 34. Ne6
Qd2 35. Ng5 Re3 36. Ngf3 Qxa2 37. h5 gxh5 38. Bxh5 Qb1 39. Bf7 Qf5+ 40. Kg2
Qxf7 41. Rh1 Qg7 42. Qxg7+ Kxg7 43. Rh5 Bxe1 44. Nxe1 Rxb3 0-1

[Event "Povolje_2014_open"]
[Site "Ulyanovsk"]
[Date "2014.08.30"]
[Round "8"]
[White "Kolosov, Anatoly"]
[Black "Abdulyazanov, Malik"]
[Result "0-1"]
[WhiteElo "1900"]
[BlackElo "2323"]
[PlyCount "54"]
[EventDate "2014.08.26"]
[EventRounds "9"]
[EventCountry "RUS"]

1. e4 c5 2. Nf3 d6 3. d4 cxd4 4. Nxd4 Nf6 5. Nc3 a6 6. Be2 e6 7. O-O Nbd7 8.
Nb3 Qc7 9. f4 b5 10. f5 e5 11. Bg5 Bb7 12. Bf3 Be7 13. Rc1 O-O 14. g4 b4 15.
Bxf6 Nxf6 16. Nd5 Nxd5 17. exd5 Bg5 18. Rb1 Rfc8 19. Be4 a5 20. f6 g6 21. Qe1
a4 22. h4 Bf4 23. Rxf4 exf4 24. Qd2 axb3 25. Qxf4 bxc2 26. Bxc2 Qc5+ 27. Kh1
Qxd5+ 0-1

[Event "Povolje_2014_open"]
[Site "Ulyanovsk"]
[Date "2014.08.30"]
[Round "8"]
[White "Shuklin, Nikolay"]
[Black "Poletaev, Vitaly"]
[Result "1/2-1/2"]
[WhiteElo "2113"]
[BlackElo "1948"]
[PlyCount "22"]
[EventDate "2014.08.26"]
[EventRounds "9"]
[EventCountry "RUS"]

1. d4 Nf6 2. Nf3 b6 3. g3 Bb7 4. Bg2 g6 5. c4 Bg7 6. O-O O-O 7. Nc3 Ne4 8. Nxe4
Bxe4 9. b3 c5 10. Be3 Nc6 11. dxc5 bxc5 1/2-1/2

[Event "Povolje_2014_open"]
[Site "Ulyanovsk"]
[Date "2014.08.30"]
[Round "8"]
[White "Chesalkin, Vladimir"]
[Black "Dobrocmyslov, Artem"]
[Result "1-0"]
[WhiteElo "2078"]
[BlackElo "1983"]
[PlyCount "33"]
[EventDate "2014.08.26"]
[EventRounds "9"]
[EventCountry "RUS"]

1. d4 Nf6 2. Nf3 e6 3. c4 c5 4. d5 b5 5. Bg5 exd5 6. cxd5 h6 7. Bxf6 Qxf6 8.
Nbd2 d6 9. e4 b4 10. Bb5+ Bd7 11. Qa4 g5 12. O-O g4 13. e5 Qg7 14. Rfe1 gxf3
15. exd6+ Be7 16. Nxf3 Rg8 17. g3 1-0

[Event "Povolje_2014_open"]
[Site "Ulyanovsk"]
[Date "2014.08.30"]
[Round "8"]
[White "Parfenov, Vladimir"]
[Black "Seyfutdinov, Rustam"]
[Result "1-0"]
[WhiteElo "1999"]
[BlackElo "1955"]
[PlyCount "43"]
[EventDate "2014.08.26"]
[EventRounds "9"]
[EventCountry "RUS"]

1. d4 Nf6 2. Nc3 g6 3. e4 d6 4. f3 Bg7 5. Be3 O-O 6. Qd2 e5 7. d5 Nbd7 8. g4 a5
9. h4 h5 10. Bg5 Nc5 11. gxh5 gxh5 12. Nge2 Kh7 13. Ng3 Qe8 14. Bxf6 Bxf6 15.
Nxh5 Bh8 16. Bb5 c6 17. Be2 Rg8 18. dxc6 f5 19. Qxd6 Na6 20. cxb7 Bxb7 21. Nf6+
Bxf6 22. Qxf6 1-0

[Event "Povolje_2014_open"]
[Site "Ulyanovsk"]
[Date "2014.08.30"]
[Round "8"]
[White "Pisarenko, Oleg"]
[Black "Sazonov, Anatoliy"]
[Result "1/2-1/2"]
[WhiteElo "1997"]
[BlackElo "1889"]
[PlyCount "118"]
[EventDate "2014.08.26"]
[EventRounds "9"]
[EventCountry "RUS"]

1. d4 Nf6 2. c4 e6 3. Nf3 d5 4. Bg5 Nbd7 5. e3 Be7 6. Nc3 a6 7. Rc1 O-O 8. cxd5
exd5 9. Be2 c6 10. O-O h6 11. Bh4 Ne4 12. Bxe7 Qxe7 13. Nxe4 dxe4 14. Nd2 Nf6
15. Qc2 Re8 16. Rfd1 Bf5 17. Qc5 Bg4 18. Qxe7 Rxe7 19. Bxg4 Nxg4 20. Nc4 Rd8
21. Nb6 Nf6 22. Rc5 g6 23. Kf1 Nd5 24. Nxd5 cxd5 25. Ke2 Kf8 26. Kd2 Ke8 27.
Rdc1 Rdd7 28. Kc3 Re6 29. b4 f5 30. g3 g5 31. Kb3 f4 32. gxf4 gxf4 33. Rg1 Kf7
34. Rc8 fxe3 35. fxe3 Rg6 36. Rf8+ Kg7 37. Rg8+ Kxg8 38. Rxg6+ Kh7 39. Re6 Rf7
40. Rd6 Rf3 41. Rxd5 Rxe3+ 42. Kc4 Re2 43. Rd7+ Kg6 44. a4 b5+ 45. axb5 axb5+
46. Kxb5 Rxh2 47. Kc4 Rc2+ 48. Kd5 e3 49. Re7 e2 50. b5 Rb2 51. b6 h5 52. b7
Rxb7 53. Rxe2 h4 54. Kc6 Rh7 55. d5 Kg5 56. d6 h3 57. d7 Rxd7 58. Kxd7 Kg4 59.
Ke6 Kg3 1/2-1/2

[Event "Povolje_2014_open"]
[Site "Ulyanovsk"]
[Date "2014.08.30"]
[Round "8"]
[White "Pavlov, Anatoly F"]
[Black "Parshakov, Vladimir"]
[Result "1-0"]
[WhiteElo "2066"]
[BlackElo "1909"]
[PlyCount "57"]
[EventDate "2014.08.26"]
[EventRounds "9"]
[EventCountry "RUS"]

1. Nf3 Nf6 2. c4 e6 3. Nc3 d5 4. d4 Bb4 5. Qc2 Ne4 6. Bd2 Nxd2 7. Nxd2 O-O 8.
a3 Be7 9. Rd1 c6 10. e3 Nd7 11. Bd3 h6 12. O-O Nf6 13. Rfe1 Bd7 14. e4 dxe4 15.
Ndxe4 Rc8 16. Qe2 Qc7 17. Bb1 a6 18. Qd3 Ng4 19. Ng3 g6 20. Nce4 Qf4 21. h3 Nf6
22. Re3 Nxe4 23. Rxe4 Qf6 24. Qe3 Bd6 25. Qxh6 Qg7 26. Qd2 f5 27. Ree1 c5 28.
dxc5 Bxc5 29. Qxd7 1-0

[Event "Povolje_2014_open"]
[Site "Ulyanovsk"]
[Date "2014.08.30"]
[Round "8"]
[White "Ivanov, Nikolay A"]
[Black "Schankin, Sergei"]
[Result "1-0"]
[WhiteElo "1944"]
[BlackElo "1816"]
[PlyCount "51"]
[EventDate "2014.08.26"]
[EventRounds "9"]
[EventCountry "RUS"]

1. c4 c5 2. g3 g6 3. Bg2 Bg7 4. Nc3 Nc6 5. e3 e6 6. Nge2 Nge7 7. d4 cxd4 8.
Nxd4 O-O 9. O-O d5 10. Nxc6 bxc6 11. Qa4 a5 12. Rd1 Ba6 13. Bf1 Qb6 14. Bd2
Rfd8 15. Rab1 Rab8 16. b3 Qc5 17. Be1 Nf5 18. Rbc1 d4 19. exd4 Nxd4 20. Bg2 f5
21. Kf1 Qe5 22. f4 Qc5 23. Ne2 Kf7 24. Qxa5 Qxa5 25. Bxa5 Bb7 26. Bxd8 1-0

[Event "Povolje_2014_open"]
[Site "Ulyanovsk"]
[Date "2014.08.30"]
[Round "8"]
[White "Nikonova, Irina"]
[Black "Anikin, Victor"]
[Result "1-0"]
[WhiteElo "1892"]
[BlackElo "1773"]
[PlyCount "111"]
[EventDate "2014.08.26"]
[EventRounds "9"]
[EventCountry "RUS"]

1. e4 c6 2. d4 f6 3. Bf4 d6 4. Bc4 e6 5. Nc3 b5 6. Bd3 b4 7. Nce2 a5 8. c3 g5
9. Bd2 Ba6 10. Nc1 Bxd3 11. Qh5+ Kd7 12. Nxd3 bxc3 13. Bxc3 Qe8 14. Qe2 h5 15.
Nf3 Bh6 16. Nd2 Rh7 17. Nc4 Ra6 18. Nxa5 Re7 19. Nb3 Kc8 20. Bb4 Rb7 21. O-O
Bf8 22. Rfc1 Rba7 23. Ba3 g4 24. Nd2 Rxa3 25. bxa3 Rxa3 26. Nc4 Ra6 27. Rab1
Qd8 28. Rc2 Qc7 29. Rcb2 Nd7 30. Nf4 Qa7 31. Nxe6 Be7 32. Qc2 c5 33. d5 Nh6 34.
Qb3 Nf7 35. Qb7+ Qxb7 36. Rxb7 Bd8 37. Nf8 Nfe5 38. Nxe5 Nb6 39. R7xb6 Bxb6 40.
Nc4 Bc7 41. a3 Ra4 42. Rc1 Ra6 43. Ne6 Bb8 44. Nf4 h4 45. Nh5 f5 46. exf5 Ra7
47. Re1 Kd8 48. f6 Rf7 49. a4 Bc7 50. a5 Kd7 51. Re4 Bd8 52. Rxg4 Bxf6 53. Rf4
Ke7 54. Rxf6 Rxf6 55. Nxf6 Kxf6 56. a6 1-0

[Event "Povolje_2014_open"]
[Site "Ulyanovsk"]
[Date "2014.08.30"]
[Round "8"]
[White "Goncharov, Evgeniy"]
[Black "Usachev, Andrey"]
[Result "0-1"]
[WhiteElo "1717"]
[BlackElo "1900"]
[PlyCount "84"]
[EventDate "2014.08.26"]
[EventRounds "9"]
[EventCountry "RUS"]

1. Nf3 d5 2. e3 e6 3. b3 Be7 4. Bb2 Bf6 5. Nc3 Ne7 6. d4 Nd7 7. Bd3 c6 8. O-O
e5 9. dxe5 Nxe5 10. Nxe5 Bxe5 11. Na4 Qd6 12. Bxe5 Qxe5 13. Rb1 O-O 14. Be2 Ng6
15. g3 Qg5 16. f4 Qe7 17. Qd2 Re8 18. f5 Nf8 19. f6 gxf6 20. Rf4 Ng6 21. Rf2
Qxe3 22. Qxe3 Rxe3 23. Bd3 Kg7 24. Nc5 b6 25. Na4 Bh3 26. Bf1 Bg4 27. Nb2 Rae8
28. Nd3 Ne5 29. Nxe5 R8xe5 30. Kg2 Bf5 31. Rc1 d4 32. h3 Be4+ 33. Kh2 Bd5 34.
g4 h5 35. gxh5 Rxh5 36. Rf4 Rg5 37. h4 Rgg3 38. Rxd4 Rgf3 39. Rg4+ Kh6 40. Rg8
Rf4 41. Bh3 Re2+ 42. Kg3 Rf3+ 0-1

[Event "Povolje_2014_open"]
[Site "Ulyanovsk"]
[Date "2014.08.30"]
[Round "8"]
[White "Nikitin, Dmitry"]
[Black "Peruhin, Anatoliy"]
[Result "1-0"]
[WhiteElo "1833"]
[BlackElo "1695"]
[PlyCount "89"]
[EventDate "2014.08.26"]
[EventRounds "9"]
[EventCountry "RUS"]

1. e4 e6 2. d4 d5 3. Nc3 Nf6 4. Bg5 Be7 5. e5 Nfd7 6. Bxe7 Qxe7 7. Qg4 O-O 8.
Bd3 c5 9. Nf3 c4 10. Bxh7+ Kxh7 11. Qh5+ Kg8 12. Ng5 Qxg5 13. Qxg5 a6 14. h4
Nc6 15. Ne2 Nb4 16. Kd2 f6 17. Qg6 Nc6 18. h5 Ne7 19. Qg4 f5 20. Qg5 Rf7 21.
Nf4 Nf8 22. Ng6 Nc6 23. Nxf8 Kxf8 24. h6 gxh6 25. Rxh6 Ke8 26. Rh8+ Kd7 27. Qg8
Re7 28. Rah1 Kc7 29. R1h7 Rxh7 30. Rxh7+ Kb6 31. c3 Rb8 32. Qf7 Ka7 33. f3 Ka8
34. Qc7 Na7 35. a4 Nc6 36. g4 fxg4 37. fxg4 Na7 38. g5 Nc6 39. g6 Na7 40. g7
Nc6 41. g8=Q Na7 42. Rg7 Nc6 43. Qgxc8 Ka7 44. Q7xb7+ Rxb7 45. Rxb7# 1-0

[Event "Povolje_2014_open"]
[Site "Ulyanovsk"]
[Date "2014.08.30"]
[Round "8"]
[White "Golubchikov, Alexey"]
[Black "Pegov, Valery"]
[Result "1-0"]
[WhiteElo "1774"]
[BlackElo "1669"]
[PlyCount "97"]
[EventDate "2014.08.26"]
[EventRounds "9"]
[EventCountry "RUS"]

1. e4 c5 2. c3 d6 3. d4 cxd4 4. cxd4 Nf6 5. Nc3 e6 6. f4 Be7 7. Nf3 Ng4 8. Bd3
Bd7 9. O-O Nc6 10. h3 Nf6 11. Be3 Nb4 12. Bb1 b6 13. a3 Nc6 14. Bd3 Rc8 15. Rc1
Na5 16. e5 dxe5 17. fxe5 Nd5 18. Nxd5 Rxc1 19. Qxc1 exd5 20. b4 Nb7 21. Qc2 Qc8
22. Rc1 Qxc2 23. Rxc2 a5 24. Rc7 Nd8 25. bxa5 bxa5 26. Ra7 Bxa3 27. Rxa5 Bb4
28. Ra7 Bc6 29. Bf5 O-O 30. Bd7 h6 31. Nh4 Bxd7 32. Rxd7 Ne6 33. Rxd5 Ra8 34.
Rd7 Ra1+ 35. Kh2 Re1 36. Bg1 Nf4 37. Rb7 Bc3 38. Rc7 Ba1 39. Rc2 Kh7 40. Nf3
Re4 41. g3 Ne2 42. Rd2 Kg6 43. Kg2 Nc3 44. Nh4+ Kh7 45. Bf2 g5 46. Nf3 Kg6 47.
d5 f5 48. d6 Nb5 49. d7 1-0

[Event "Povolje_2014_open"]
[Site "Ulyanovsk"]
[Date "2014.08.30"]
[Round "8"]
[White "Abdurahmanov, Afer"]
[Black "Chugunov, Vyacheslav"]
[Result "0-1"]
[WhiteElo "1664"]
[BlackElo "1936"]
[PlyCount "64"]
[EventDate "2014.08.26"]
[EventRounds "9"]
[EventCountry "RUS"]

1. g3 c5 2. Bg2 d5 3. c4 e6 4. cxd5 exd5 5. d3 Nf6 6. Nf3 Be7 7. Qb3 Nc6 8. Bd2
O-O 9. h4 Qc7 10. Bf4 Bd6 11. Bxd6 Qxd6 12. Nc3 Be6 13. Ng5 Nd4 14. Qd1 Bg4 15.
Nf3 Nf5 16. O-O Rfe8 17. Qd2 d4 18. Nb5 Qd7 19. Na3 Re7 20. Nc4 Rae8 21. Rae1
b5 22. Nce5 Rxe5 23. Nxe5 Rxe5 24. Qf4 Qe8 25. f3 Bh5 26. g4 Nd5 27. Qc1 Nfe3
28. gxh5 Nf4 29. Bh1 Qe7 30. Rf2 Nh3+ 31. Kh2 Nxf2 32. Kg3 Rxh5 0-1

[Event "Povolje_2014_open"]
[Site "Ulyanovsk"]
[Date "2014.08.30"]
[Round "8"]
[White "Sounov, Batyr"]
[Black "Rumyantsev, Nikolay"]
[Result "1-0"]
[WhiteElo "1917"]
[BlackElo "1744"]
[PlyCount "73"]
[EventDate "2014.08.26"]
[EventRounds "9"]
[EventCountry "RUS"]

1. e4 d5 2. e5 d4 3. Bc4 Bf5 4. d3 e6 5. Nf3 h6 6. h3 Bc5 7. Nbd2 a6 8. a3 b5
9. Ba2 Ne7 10. b4 Bb6 11. Bb2 Nec6 12. O-O Nd7 13. Re1 g5 14. Nb3 Nf8 15. Qe2
Ng6 16. Bc1 Nge7 17. Nbd2 Nd5 18. Bxd5 Qxd5 19. Ne4 Ke7 20. Nf6 Qd8 21. Nxg5
Qf8 22. g4 Bg6 23. Qf3 Na7 24. Nge4 Rb8 25. h4 Qg7 26. Nc5 Bxc5 27. bxc5 c6 28.
Bb2 Bf5 29. Kh2 Bg6 30. Bxd4 Kd8 31. Bc3 Kc7 32. Ba5+ Kb7 33. a4 Nc8 34. axb5
axb5 35. Reb1 Na7 36. Bb6 Ra8 37. Bxa7 1-0

[Event "Povolje_2014_open"]
[Site "Ulyanovsk"]
[Date "2014.08.30"]
[Round "8"]
[White "Suimanov, Vladimir"]
[Black "Sinicin, Vladimir"]
[Result "0-1"]
[WhiteElo "1412"]
[BlackElo "1686"]
[PlyCount "96"]
[EventDate "2014.08.26"]
[EventRounds "9"]
[EventCountry "RUS"]

1. c4 c5 2. Nc3 g6 3. e4 Bg7 4. Nge2 Nc6 5. a3 d6 6. g3 Nf6 7. Bg2 e5 8. d3 O-O
9. Bg5 h6 10. Bd2 Ne8 11. Qc2 f5 12. Nd5 fxe4 13. dxe4 Nf6 14. Rd1 Be6 15. f3
Qd7 16. h3 Rab8 17. b4 Kh7 18. bxc5 dxc5 19. Bxh6 Bxd5 20. Bxg7 Kxg7 21. cxd5
Nd4 22. Nxd4 cxd4 23. h4 Rbc8 24. Qd2 Rc3 25. Qg5 Re3+ 26. Kf1 Nxe4 27. Qxe5+
Kh7 28. Kg1 Nc3 29. Qg5 Nxd1 30. Kh2 Rf5 31. Qg4 Nf2 32. Qxd4 Rfxf3 33. Bxf3
Rxf3 34. Kg2 Rf5 35. Rb1 Ng4 36. Qxg4 Rf2+ 37. Kh3 Rh2+ 38. Kxh2 Qxg4 39. Rxb7+
Kh6 40. d6 Qe2+ 41. Kg1 Qd1+ 42. Kf2 Qxd6 43. Rb4 a5 44. Rf4 Qd2+ 45. Kf3 Qd3+
46. Kg4 Qxa3 47. Rf3 Qxf3+ 48. Kxf3 a4 0-1

[Event "Povolje_2014_open"]
[Site "Ulyanovsk"]
[Date "2014.08.30"]
[Round "8"]
[White "Breskanu, Nikita"]
[Black "Verevicheva, Marina"]
[Result "1-0"]
[WhiteElo "1636"]
[BlackElo "1519"]
[PlyCount "87"]
[EventDate "2014.08.26"]
[EventRounds "9"]
[EventCountry "RUS"]

1. c4 Nf6 2. Nc3 e5 3. g3 Bb4 4. Bg2 c6 5. e3 Bxc3 6. bxc3 d6 7. Ne2 Be6 8. d3
Nbd7 9. O-O O-O 10. Rb1 Rb8 11. Ba3 Qc7 12. Qc2 Rfe8 13. e4 c5 14. f4 Bg4 15.
h3 Bxe2 16. Qxe2 exf4 17. gxf4 b6 18. Kh1 Qd8 19. Rg1 h6 20. Bf3 Nh7 21. Qg2
Qf6 22. d4 Rbc8 23. e5 dxe5 24. dxe5 Qg6 25. Qxg6 fxg6 26. Bd5+ Kh8 27. Rxg6
Nhf8 28. Rg3 Re7 29. Rbg1 Rce8 30. Bc1 Nh7 31. f5 Nxe5 32. Bxh6 Nf6 33. Bxg7+
Rxg7 34. Rxg7 Ned7 35. Bc6 Rf8 36. Bxd7 Nh5 37. R7g6 Nf6 38. Rh6+ Nh7 39. Rgg6
Rd8 40. Be6 Rd1+ 41. Kg2 Rd2+ 42. Kf3 Rd8 43. f6 Rf8 44. f7 1-0